3-transposition groups

Saved in:
Bibliographic Details
Main Author: Aschbacher, Michael, 1944-
Format: Book
Language:English
Published: Cambridge ; : New York : Cambridge University Press, 1997
Series:Cambridge tracts in mathematics ; ; 124
Subjects:
Tags: Add Tag
No Tags, Be the first to tag this record!

MARC

LEADER 00000cam a2200000 i 4500
001 1/92000
008 991108s1997 eng d
020 |a 0-521-57196-0 
035 |l 10053859 
040 |a GR-MY-UA  |b gre  |e aacr 
041 0 |a eng 
082 0 |a 512.2 
100 1 |a Aschbacher, Michael,   |d 1944- 
245 1 0 |a 3-transposition groups /  |c Michael Aschbacher 
246 3 3 |a Three transposition groups 
260 |a Cambridge ; :   |a New York :   |b Cambridge University Press,   |c 1997 
300 |a vii, 260 p.;  |c 24 cm. 
490 1 |a Cambridge tracts in mathematics  |v ; 124 
500 |a Includes bibliographical references and index 
650 0 0 |a Finite groups. 
830 0 |a Cambridge tracts in mathematics ;  |v ; 124 
852 |a INST  |b SAMOS  |e 19991108  |h 512.2 ASC  |p 005300017096  |q 005300017096  |t BK  |y 0 
901 |a BIBL3-1999-3 
909 |a Σ  |b 067255 
922 |a 3ΕΛΗ  |b 199907  |c ΕΠΕΑΕΚ/ΜΑΘ  |d Παπασωτηρίου 
970 |a Πουρνάρας  |b Δημήτρης  |z 1999/11/08